000 01105nam a2200265 i 4500
001 157582
003 ES-MaACL
005 20240526062941.0
008 960320s1887 sp |||| | spa d
040 _cES-MaACL
100 1 _aLesage, Alain-René,
_d1668-1747
_971822
_eaut
245 1 3 _aEl bachiller de Salamanca o Aventuras de D. Querubín de la Ronda /
_cque publicó en francés Mr. Le-Sage ; traducción castellana por Esteban Aldebert Dupont.
246 _aAventuras de D. Querubín de la Ronda
260 _aBarcelona :
_bDaniel Cortezo y Cía.,
_c1887.
300 _a297 páginas ;
_c21 cm.
490 1 _aBiblioteca clásica española
530 _aDisponible en formato digital
700 1 _aAldebert Dupont, Esteban
_9125597
_etrl
830 0 _aBiblioteca clásica española
_9182443
852 _aES-MaACL
_cSPB
_jB-1045
_xTela azul
856 _uhttp://bibliotecadigital.jcyl.es/i18n/consulta/registro.cmd?id=20857
_yVersión en línea
_z(Biblioteca Digital de Castilla y León)
942 _cMONANT
_n0
999 _c157582
_d157582